Responses for show #2160 - Friday, January 14, 1994

Contestants

[<< previous game]

Mike Shearn, a writer from Batavia, New York

Elizabeth Schmidt, a teleservice representative originally from Tokyo, Japan

Judy Weightman, a puzzle editor from Philadelphia, Pennsylvania (whose 1-day cash winnings total $13,300)

[next game >>]

Jeopardy! Round responses

GOING TO THE DOGS
LABRADOR
RETRIEVERS
POINTERS
BOXERS
BONES
    $100 1
a cocker spaniel

Judy
    $100 26
Quebec

Mike
    $100 21
Helen of Troy

Mike
    $100 6
corn (on the cob)

Mike
    $100 16
hide

Mike
    $100 11
the pelvis

Elizabeth
    $200 2
a dachshund

Mike
    $200 27
(Judy: Who is Erik the Red?)

Leif Erikson

JudyMike
    $200 22
Thor

Mike
    $200 7
a bedspread

Elizabeth
    $200 17
George Foreman

Mike
    $200 12
the foot

Elizabeth
    $300 3
Dalmatian

Mike
    $300 28
pelts (or furs)

Mike
    $300 23
the Titanic

Mike
    $300 8
(Alex: That's good enough for me.)

"When in Rome, act as the Romans do"

Elizabeth
    $300 18
Muhammad Ali

Mike
    $300 13
the jawbone (or the mandible)

Mike
    $400 4
bloodhound

Mike
    $400 29
(Mike: What is moon rock?)

moonstone

JudyMike
    $1,000 24
(Alex: He found Dr. Livingstone.)

Henry Stanley

Mike
    $400 9
massage

Judy
    $400 19
Sugar Ray Robinson

Elizabeth
    $400 14
the fibula

Judy
    $500 5
dingo

Judy
    $500 30
Jolliet

Mike
    $500 25
Orpheus

Elizabeth
    $500 10
your cuticles

Judy
    $500 20
Jake LaMotta

Mike
    $500 15
the humerus

Mike

Scores at the first commercial break (after clue 15):

Judy Elizabeth Mike
$1,900 $800 $1,800

Scores at the end of the Jeopardy! Round:

Judy Elizabeth Mike
$2,100 $1,700 $5,200

Double Jeopardy! Round responses

AMERICAN HISTORY
FLOWERS
COMPOSERS
COLLEGES & UNIVERSITIES
NONFICTION
CROSSWORD CLUES "N"
(Alex: Each correct response will begin with that letter of the alphabet. I'll give you the clue, I'll tell you the number of letters needed for the correct word, it will begin with the letter N, and all you have to do is come up with the correct question.)
    $200 7
Washington

Judy
    $200 26
lilac

Mike
    $200 21
Andrew Lloyd Webber

Mike
    $200 8
Notre Dame

Judy
    $200 1
the Civil War

Judy
    $200 2
nail

Judy
    $400 17
the Native Americans (or the Indians)

Mike
    $400 27
lily

Mike
    $400 22
Brussels

Mike
    $400 9
Princeton

Judy
    $400 13
Mark Twain

Elizabeth
    $400 3
Nehru

Elizabeth
    $600 18
Afghanistan

Mike
    $600 28
forget-me-not

Mike
    $600 23
(Judy: Who is Mussorgsky?)

(Camille) Saint-Saëns

JudyElizabeth
    $600 10
(Mike: What is Cambridge?)

Oxford

JudyMike
    $600 14
(Robert) MacNeil

Elizabeth
    $600 4
(Alex: "There is no clue, but we need 7 letters.")

nothing

Elizabeth
    $800 19
(Noah) Webster

Elizabeth
    $800 29
a rose

Judy
    $800 24
Tchaikovsky

Elizabeth
    $800 11
Northwestern

Mike
    $800 15
Henry James

Mike
    $800 5
Nashville

Judy
    $1000 20
(Judy: What is the West Indian Company?)

British East India Company

Judy
Triple Stumper
    $2,000 30
the narcissus

Judy
    $1000 25
Grofé

Judy
    $1000 12
Waco

Judy
    $1,000 16
(Mike: What is I'm OK – You're OK?)
(Alex: No.)
(Mike: Yeah, OK.)
(Alex: Now you know what it is?)
[Mike nods]
(Alex: What would you, if you...)
(Mike: No)
(Alex: ...second choice?)
(Mike: Nah, forget it.)
(Alex: No? What is [*]? [*]. You're down to $6,200, you retain the lead, however, and we have almost three full categories left.)

The Road Less Traveled

Mike
    $1000 6
night

Mike

Scores at the end of the Double Jeopardy! Round:

Judy Elizabeth Mike
$7,900 $5,900 $9,000

[wagering suggestions for these scores]

Final Jeopardy! Round responses

LEGENDS
(Mike: Well, I was behind, anyway, had to get it right.)
(Alex: You were behind?)
(Mike: Well, I mean, I'm behind now. Go big or go home.)
(Alex: And with $0, you're way behind.)
ElizabethWhat is Excaliber?
$5,899
JudyWhat is Excalibur?
$7,900
MikeWhat is
$9,000
Excalibur

Final scores:

Judy Elizabeth Mike
$15,800 $11,799 $0
2-day champion: $29,100 2nd place: a trip for two to San Juan, Puerto Rico 3rd place: Pro Form's Edge 3001 Cross Training System

Game dynamics:

Coryat scores:

Judy Elizabeth Mike
$6,900 $5,900 $9,400
17 R
(including 1 DD),
3 W
13 R,
0 W
28 R
(including 1 DD),
3 W
(including 1 DD)

Combined Coryat: $22,200

The J! Archive is created by fans, for fans. The Jeopardy! game show and all elements thereof, including but not limited to copyright and trademark thereto, are the property of Jeopardy Productions, Inc. and are protected under law. This website is not affiliated with, sponsored by, or operated by Jeopardy Productions, Inc. Join the discussion at JBoard.tv.